Muisne: campesinos, indígenas y pescadores
সংরক্ষণ করুন:
| সংস্থা লেখক: | |
|---|---|
| বিন্যাস: | পাঠ্য |
| প্রকাশিত: |
Muisne:
OCAME. CEP. CEBEMO
|
| ট্যাগগুলো: |
ট্যাগ যুক্ত করুন
কোনো ট্যাগ নেই, প্রথমজন হিসাবে ট্যাগ করুন!
|
MARC
| LEADER | 00000 a a2200000 04500 | ||
|---|---|---|---|
| 001 | 24849 | ||
| 003 | |||
| 040 | |||
| 090 | |a 178600 | ||
| 110 | |a Organización campesina de Muisne y Esmeraldas | ||
| 245 | |a Muisne: campesinos, indígenas y pescadores | ||
| 260 | |a Muisne: |b OCAME. CEP. CEBEMO | ||
| 300 | |a 92 p. |b **no definido** | ||
| 999 | |c 4129 |d 4129 | ||
